May require batteries / (Record no. 1463)

MARC details
000 -LEADER
fixed length control field 00800nam a22002177a 4500
005 - DATE AND TIME OF LATEST TRANSACTION
control field 20240306161954.0
020 ## - INTERNATIONAL STANDARD BOOK NUMBER
International Standard Book Number 9781408326145
040 ## - CATALOGING SOURCE
Original cataloging agency FISKH
Language of cataloging eng
082 ## - DEWEY DECIMAL CLASSIFICATION NUMBER
Classification number 823.92
100 ## - MAIN ENTRY--PERSONAL NAME
Personal name Meres, Jonathan
245 ## - TITLE STATEMENT
Title May require batteries /
Statement of responsibility, etc. Jonathan Meres
260 ## - PUBLICATION, DISTRIBUTION, ETC.
Place of publication, distribution, etc. Sydney :
Name of publisher, distributor, etc. Orchard,
Date of publication, distribution, etc. 2013
300 ## - PHYSICAL DESCRIPTION
Extent 285 pages :
Dimensions 20 cm
490 ## - SERIES STATEMENT
Series statement The World of Norm
Volume/sequential designation Book 4
505 ## - FORMATTED CONTENTS NOTE
Formatted contents note H
520 ## - SUMMARY, ETC.
Summary, etc. Summary: What with overdue homework, overdue pocket money and a bag full of overdue newspapers, one thing's for sure: life for Norm isn't getting any less unfair. And did he mention the fact that he's the only kid on the planet without an iPad? ABSO-FLIPPING-LUTELY RIGHT HE DID! (Publisher)
521 ## - TARGET AUDIENCE NOTE
Target audience note 480 <br/>
Source Lexile
521 ## - TARGET AUDIENCE NOTE
Target audience note H <br/>
Source Raz-Plus
942 ## - ADDED ENTRY ELEMENTS (KOHA)
Source of classification or shelving scheme Dewey Decimal Classification
Koha item type Books
Suppress in OPAC No
999 ## -
-- 1463
-- 1463
Holdings
Withdrawn status Lost status Source of classification or shelving scheme Damaged status Not for loan Collection Home library Current library Shelving location Date acquired Total Checkouts Full call number Barcode Date last seen Price effective from Koha item type Copy number
    Dewey Decimal Classification     Juvenile Fiction Footprints International School Library Network Toul Kork Campus Footprints International School Library Network Toul Kork Campus TK Primary Library Room(4th Floor), Bookcase 1&2, Shelves 1-16, Dark Blue Books 08/25/2023   MER 823.92 PZ7 FISTK05302 08/25/2023 08/25/2023 Books  
    Dewey Decimal Classification     Juvenile Fiction Footprints International School Library Network Toul Kork Campus Footprints International School Library Network Toul Kork Campus   08/25/2023   MER 823.92 PZ7 2024-0297 03/12/2024 08/25/2023 Books 2